Elenca la formazione - Quiz n°112 - Statistics

Statistiche generali
  • Questo quiz è stato fatto 77 volte
  • Il punteggio medio è 5 su 11
Statistiche sulle risposte
Ruolo Nazione Calciatore % Corretto
Attaccante Italia Francesco Totti
89%
Centrocampista Bosnia ed Erzegovina Miralem Pjanić
89%
Difensore Italia Daniele De Rossi
83%
Portiere Paesi Bassi Maarten Stekelenburg
65%
Attaccante Argentina / Italia Pablo Osvaldo
59%
Trequartista Argentina Erik Lamela
44%
Difensore Argentina Gabriel Heinze
17%
Difensore Brasile Rodrigo Taddei
17%
Difensore Spagna José Ángel
11%
Centrocampista Italia Federico Viviani
4%
Centrocampista Italia Leandro Greco
4%
Nessun quiz corrispondente trovato
Distribuzione punteggi
Percentuale di utenti per punteggio
Percentile per numero di risposta
I tuoi punteggi nel tempo
Non hai fatto questo quiz